| 000 | 00745nam a2200253Ia 4500 | ||
|---|---|---|---|
| 003 | LK-CoDNM | ||
| 008 | 010623t1922 xxu||||| |||| 00| 1 sin d | ||
| 040 |
_aLK-CoDNM _dLK-CoDNM _eLK-CoDNM |
||
| 041 | _asin | ||
| 080 | _a104 J.3 | ||
| 100 |
_aMihindukurasuriya,G.F _eed. |
||
| 245 | _aශ්රී ලංකා ධජය | ||
| 246 | _aSri lanka dwhajaya | ||
| 260 |
_bLankathilaka _aHenarathgoda _c1922 |
||
| 300 | _b9p., 27 cm | ||
| 650 | _aAmara sthawira | ||
| 650 | _aC.Hendry ougustas de fonseka | ||
| 650 | _aDavid george pieris deraniyagala | ||
| 650 | _aDc.Jayawardene | ||
| 650 | _aGunarathana thero,Udugampola | ||
| 650 | _aH.W.Dias Bandaranayaka | ||
| 650 | _aJohn louis pieris deraniyagala samarasinha | ||
| 942 | _cBK | ||
| 999 |
_c91366 _d91366 |
||